000 00701nam a22002057a 4500
008 161006b xxu||||| |||| 00| 0 eng d
020 _a1292156651
020 _a9781292156651
050 _aHF 5718.2.C2 .T45 2017
100 _aThill, John V.
245 _aExcellence in Business Communication/
_cJohn V. Thill and Courtland L. Bouvee
250 _a12th ed.
260 _aBoston:
_bPearson,
_c2017
300 _a671p. :
_bill. ;
_c26cm
500 _aIncludes index.
650 _aBusiness communications.
_xCase studies.
_zUnited States.
650 _aBusiness communication.
_zUnited States.
700 _aBovee, Courtland L.
942 _2lcc
_cBOOKS
_hHF 5718.2.C2 .T45 2017
999 _c14641
_d14641